| 000 | 00525nam a2200181 ar4500 | ||
|---|---|---|---|
| 001 | 5559 | ||
| 005 | 20221127091150.0 | ||
| 008 | 080422s ||| 00010|eng d | ||
| 020 |
_a9783791354422 (hbk) _zSR190 |
||
| 082 | 0 | 4 | _a720.92 G311 2015 |
| 100 | 1 | _aGehry, Frank | |
| 245 | 1 | 0 |
_aFrank Gehry / _cFrank Gehry, |
| 260 |
_aMunich _bPestel Publishing _c2015 |
||
| 300 |
_a255 p. _bill.col. _c28 cm. |
||
| 500 | _aIncludes bib.references and index | ||
| 650 | 4 | _aArchitecture, Postmodern | |
| 700 | 0 | _aMigayrou, Frederic (editor) | |
| 999 |
_c5556 _d5556 |
||